00449nam a22001457a 4500082001600000100002600016245002300042260003300065300002800098526003700126650001300163942001200176999001900188952009600207 a355.02bALL aAllen, Kenneth948759 aSoldiers in battle aLondonbOdhams Books Limited a175 p. :bill . :c6 Cm a0b0c0d355_020000000000000_ALL aMCE9379 2ddccBK c551609d551609 00102ddc4070aMCEbMCEd2014-12-18l0o355.02 ALLpMCE-40705r2014-12-18w2014-12-18yBK